000 00338nam a2200121Ia 4500
008 231107s2013 xx 000 0 und d
041 _aeng
082 _a720.47
100 _aKruger Abe
245 _aGreen Building : Principles & Practices in Residential Construction
260 _aJapan
_bDelmar Cengage Learning
_c2013
300 _a511
999 _c931422
_d931422